Arrondissements d'Auvergne-Rhône-Alpes - Mort subite - Statistiques

Statistiques générales
  • Ce quiz a été pris 151 fois
  • Le résultat moyen est 4 sur 16
Answers on the Grid
Answers color-coded by a green-red scale on the quiz's grid according to % correct below.
Oyonnax
Champagnole
Briançon
Macon
Tulle
Guéret
Aubusson
Charolles
Mende
Forcalquier
Saint-Amand-Montrond
Aubenas
Montélimar
Chamonix-Mont-Blanc
Annemasse
Montboudif
Gex
Belley
Largentière
Valence
Lyon
Bonneville
Yssingeaux
Aurillac
Issoire
Montluçon
Montbrison
Vienne
Bourg-en-Bresse
Saint-Flour
Die
Albertville
 
Statistiques - réponses
Réponse % Correct
Lyon
53%
Bourg-en-Bresse
38%
Valence
38%
Aurillac
37%
Issoire
33%
Vienne
32%
Albertville
28%
Gex
26%
Montluçon
24%
Bonneville
22%
Yssingeaux
21%
Belley
19%
Saint-Flour
18%
Die
17%
Montbrison
17%
Largentière
15%
Aucun quiz correspondant
Distribution des résultats
% des personnes avec chaque résultat
Percentile par nombre de réponses
Votre historique - résultats
Vous n’avez pas pris ce quiz